000 00455nam a2200181Ia 4500
001 8254
005 20260306160555.0
008 260306t2013||||xx |||||||||||||| ||spa||
041 _aESP
082 _a370.152
_bA179
100 _aArzamendi Zumaya, Alberto
_eAUT
245 0 _aAprendizaje efectivo y desarrollo de la inteligencia
260 _c2013
300 _a150 páginas :
_c20 cm.
650 _aGEN
654 _aCED
942 _cLIB
_dJUS
_fJUS
_2ddc
_n
999 _c8254
_d8254